| 000 | 00846nam a22002177a 4500 | ||
|---|---|---|---|
| 005 | 20100823111841.0 | ||
| 010 | _aENG-101345 | ||
| 020 | _c300.00 | ||
| 035 | _aEN-84878 | ||
| 037 | _bDBAD/PUB | ||
| 082 | _a351.0954 | ||
| 100 |
_aMuthuswamy _917167 |
||
| 245 |
_aSwamy's complete manual on establishment and administration for central government offices / _cby Muthuswamy [and] Brinda |
||
| 260 |
_aChennai _bSwamy Publishers _c1999 |
||
| 270 |
_a164, R. K. Mutt Road, Post Box No.2468 _bChennai _e600028 |
||
| 300 |
_axvi,1071p.: _bill. _c22cm (Hb) |
||
| 650 |
_aPublic Administration _zIndia _917168 |
||
| 700 |
_aBrinda _916131 |
||
| 942 |
_2ddc _cEN _h351.0954 _mMUT |
||
| 999 |
_c42942 _d42942 |
||